000 01399nam a2200337 i 4500
001 768714001
003 CO-MdFUSB
005 20240227125221.0
007 ta
008 181101t1978 enk||||| |||| 00| 0 eng d
020 _a085111732X
040 _aCO-MdFUSB
_bspa
_cCO-MdFUSB
_dCO-MdFUSBC
_erda
041 _aeng
082 _223
_a226.906
_bST888
100 _aStott, John R. W.
_d1921-2011
_eautor
245 1 4 _aThe message of the Sermon on the Mount
_b: christian counter-culture
_c/ autor y editor John R. W. Stott
264 1 _aLeicester, Inglaterra :
_bInterVarsity Press,
_c[1978]
264 4 _c©1978
300 _a238 páginas ;
_c21 cm
336 _2rdacontent
_atexto
_btxt
337 _2rdamedia
_asin mediación
_bn
338 _2rdacarrier
_avolumen
_bnc
490 _aThe Bible Speaks Today
505 _aPrefacio general -- Prefacio del autor -- Abreviaciones principales -- Introducción : ¿Qué es este sermón? 5:1,2 -- Una personalidad cristiana -- Una influencia cristiana -- La justicia de un cristiano -- La religión de un cristiano -- La oración de un cristiano -- La ambición de un cristiano -- La relación de un cristiano -- El compromiso cristiano --
563 _aTapa rústica
630 0 7 _aBiblia.
_xCrítica, interpretación, etc.
_vMateo
700 _aStott, John R. W.,
_eeditor
_91432
942 _cBK
945 _aJTF-925
999 _c64687
_d64687